First aid and CPR
| Format: | Book |
|---|---|
| Published: |
Boston :
Jones and Bartlett Publishers ,
1991
|
| Subjects: |
MARC
| LEADER | 00000cam a2200000 7i4500 | ||
|---|---|---|---|
| 001 | 0000002065 | ||
| 002 | 000002256 | ||
| 005 | 20000330.0 | ||
| 020 | |a 0867201932 | ||
| 090 | 0 | 0 | |a 616.0252 |b FIR |
| 245 | 0 | 0 | |a First aid and CPR |c National Safety Council |
| 260 | |a Boston : |b Jones and Bartlett Publishers , |c 1991 | ||
| 300 | |a 278p. : |b ill ; |c 28cm. | ||
| 650 | 0 | 0 | |a CPR (First aid) |
| 650 | 0 | 0 | |a First aid in illness and injury |
| 999 | |a 028180 |b BUKU |c PINJAMAN |e PERPUSTAKAAN KOMUNITI PETALING JAYA | ||